00762 a2200181 4500003000500000005001700005040000900022082001500031100001900046245004200065260004300107300000800150505021900158650004800377942001200425999001900437952012400456Nust20230119173258.0 cNust a665.89,CAR aCarbon9107157 aCarbon Dioxide extingushing systems / aLondonbNational fire Protectionc1969 a104 aGeneral Information and Requirements (Page-12-5), Total Flooding Systems (Page-12-28), Local Application Systems (Page-12-38), Hand Hose Line Systems (Page-12-45), Standpipe Systems and Mobile Supply (Page- 12-48). aCarbon Dioxide extingushing systems9107158 2ddccBK c185006d185006 00102ddc4070aMCSbMCScGENd2016-12-12o665.89,CARpMCS21314r2016-12-08w2016-12-12yBKzAlmirah No.55, Shelf No.4